000 006280000a22001810004500
003 MACL
005 20160508123712.0
008 160508b xxu||||| |||| 00| 0 eng d
040 _aMACL
_cMACL
041 _aHindi
082 _a800 BHA
100 _aभारती, जयप्रकाश
_955684
245 _aहिन्‍दी की सौ श्रेष्‍ठ पुस्‍तकें
_cजयप्रकाश भारती
260 _bनीलकंठ प्रकाशन
_c1999
_aनई दिल्‍ली
350 _a350
650 _aLiterature
_955685
942 _cHIN
_k800/BHA/L
_2ddc
999 _c12024
_d12024